Managerial Economics (Record no. 22146)

MARC details
000 -LEADER
fixed length control field 00729nam a22002777a 4500
003 - CONTROL NUMBER IDENTIFIER
control field IBSLLIB
005 - DATE AND TIME OF LATEST TRANSACTION
control field 20260515074340.0
008 - FIXED-LENGTH DATA ELEMENTS--GENERAL INFORMATION
fixed length control field 260515b |||||||| |||| 00| 0 eng d
020 ## - INTERNATIONAL STANDARD BOOK NUMBER
International Standard Book Number 8177583867
040 ## - CATALOGING SOURCE
Original cataloging agency IBSLLIB
Language of cataloging English
041 ## - LANGUAGE CODE
Language code of original English
082 ## - DEWEY DECIMAL CLASSIFICATION NUMBER
Classification number 338.5
Item number PET
100 ## - MAIN ENTRY--PERSONAL NAME
Personal name Petersen H .Craig
245 ## - TITLE STATEMENT
Title Managerial Economics
260 ## - PUBLICATION, DISTRIBUTION, ETC. (IMPRINT)
Place of publication, distribution, etc. India :
Name of publisher, distributor, etc. Pearson Education ,
Date of publication, distribution, etc. 2006
300 ## - PHYSICAL DESCRIPTION
Extent 623 P ;
Dimensions 24 cm
650 ## - SUBJECT ADDED ENTRY--TOPICAL TERM
Topical term or geographic name as entry element Managerial Economics
653 ## - INDEX TERM--UNCONTROLLED
Uncontrolled term Demand
653 ## - INDEX TERM--UNCONTROLLED
Uncontrolled term Production And Costs
653 ## - INDEX TERM--UNCONTROLLED
Uncontrolled term Market Structure
653 ## - INDEX TERM--UNCONTROLLED
Uncontrolled term Risk And Capital Budgeting
653 ## - INDEX TERM--UNCONTROLLED
Uncontrolled term Taxation
700 ## - ADDED ENTRY--PERSONAL NAME
Personal name Lewis , Chris .W
Relator term Co-author
700 ## - ADDED ENTRY--PERSONAL NAME
Personal name Jain , .K Sudhir
Relator term Co- Author
942 ## - ADDED ENTRY ELEMENTS (KOHA)
Koha item type Lending Book
Holdings
Withdrawn status Lost status Damaged status Not for loan Collection code Permanent Location Current Location Shelving location Date acquired Source of acquisition Inventory number Full call number Barcode Koha item type
        Lending Collection IBSL Library IBSL Library Lending Section 30/04/2026 Donations 10844 338.5 PET 10844 Lending Book
Copyright © 2024 IBSL Library, All rights reserved.
mail to: library@ibsl.lk | Contact: 0112425735 | Library Address: IBSL Library, 80A, Elvitigala Mawatha, Colombo 008